000 00644nam a2200229 a 4500
001 73437
003 BD-RjUL
005 20211209082408.0
008 170531s1973 njua 001 0 eng
035 _a(BD-RjUL)73655
040 _aDLC
_cORL
_dOCL
_dUKM
_dEQO
_dBD-RjUL
_beng
041 _aeng
082 _a621.388
_223
_bKIT 1962
100 1 _aKiver, Milton Sol,
_d1918-
_9217192
245 1 0 _aTelevision simplified /
_bMilton S Kiver
250 _a7th ed.
260 _aPrinceton, N.J. :
_bVan Nostrand,
_c1962
300 _a616 p. :
_bill. ;
_c24 cm.
650 0 _aTelevision.
_9217193
700 _aKaufman, Milton
_9217228
942 _2ddc
_cBK
999 _c73437
_d73437